书目信息 |
| 题名: |
李大钊诗文选集
|
|
| 作者: | 李大钊 著 | |
| 分册: | ||
| 出版信息: | 北京 人民文学出版社 1981 |
|
| 页数: | 343页 | |
| 开本: | 21cm | |
| 丛书名: | ||
| 单 册: | ||
| 中图分类: | I216.2 , I215.2 | |
| 科图分类: | ||
| 主题词: | 文学--作品--中国--现代--选集 , 文学--作品集--中国 | |
| 电子资源: | ||
| ISBN: | ||
| 000 | 00773nam0 2200265 45 | |
| 001 | 0181006151 | |
| 005 | 20070730141239.01 | |
| 010 | @dCNY1.20 | |
| 091 | @a10019.1284 | |
| 100 | @a19950527d1981 em y0chiy0121 ea | |
| 101 | 0 | @achi |
| 102 | @aCN@b110000 | |
| 105 | @af z 000gy | |
| 200 | 10 | @a李大钊诗文选集@Ali da zhao shi wen xuan ji@f李大钊著 |
| 205 | @a2版 | |
| 210 | @a北京@c人民文学出版社@d1981 | |
| 215 | @a343页@c照片@d21cm | |
| 606 | @a文学@x作品@y中国@z现代@x选集 | |
| 606 | 0 | @a文学@x作品集@x中国 |
| 690 | @aI216.2@v3 | |
| 690 | @aI215.2 | |
| 701 | 0 | @a李大钊@Ali da zhao@4著 |
| 801 | 0 | @aCN@b上海图书馆@c20070730 |
| 801 | 2 | @aCN@bNLC@c20060913 |
| 905 | @f1@b179504@f1@b179506@f1@b179508@f1@b179509@f1@b75507@f1@b75511@f1@b75514@dI215.2@e233=2 | |
| 李大钊诗文选集/李大钊著.-2版.-北京:人民文学出版社,1981 |
| 343页:照片;21cm |
| ISBN :CNY1.20 |
| ● |
| 相关链接 |
|
|
|
|
正题名:李大钊诗文选集
索取号:I215.2/233=2
 
预约/预借
| 序号 | 登录号 | 条形码 | 馆藏地/架位号 | 状态 | 备注 |
| 1 | 0075507 | 000230486 | 红色文献专区/ [索取号:I215.2/233=2] | 在馆 | |
| 2 | 0075511 | 000230477 | 红色文献专区/ [索取号:I215.2/233=2] | 在馆 | |
| 3 | 0075514 | 000230529 | 红色文献专区/ [索取号:I215.2/233=2] | 在馆 | |
| 4 | 0179504 | 000230413 | 红色文献专区/ [索取号:I215.2/233=2] | 在馆 | |
| 5 | 0179505 | 001625138 | 红色文献专区/ [索取号:I215.2/233=2] | 在馆 | |
| 6 | 0179506 | 000230459 | 红色文献专区/ [索取号:I215.2/233=2] | 在馆 | |
| 7 | 0179507 | 001622480 | 红色文献专区/ [索取号:I215.2/233=2] | 在馆 | |
| 8 | 0179508 | 000230510 | 红色文献专区/ [索取号:I215.2/233=2] | 在馆 | |
| 9 | 0179509 | 000230468 | 红色文献专区/ [索取号:I215.2/233=2] | 在馆 | |
| 10 | 0179510 | 000230501 | 第一样本阅览室/ [索取号:I215.2/233=2] | 在馆 | |
| 11 | 0472347 | 204723479 | 红色文献专区/ [索取号:I215.2/233=2] | 在馆 | |
| 12 | 0787554 | 207875548 | 红色文献专区/ [索取号:I215.2/233=2] | 在馆 |